Vista normal
Vista MARC
Entrada Materia (personas)
Número de registros utilizados en: 1
001 - CONTROL NUMBER
- control field: 173663
003 - CONTROL NUMBER IDENTIFIER
- control field: Co-BoUCM
005 - DATE AND TIME OF LATEST TRANSACTION
- control field: 20220228095818.0
008 - FIXED-LENGTH DATA ELEMENTS
- fixed length control field: 220228|| aca||aabn | a|a d
040 ## - CATALOGING SOURCE
- Original cataloging agency: Co-BoUCM
- Transcribing agency: Co-BoUCM
100 ## - HEADING--PERSONAL NAME
- Personal name: Valmont-Bomare, M.
- Dates associated with a name: 1731-1807
- Fuller form of name: (Jacques Christophe)
670 ## - SOURCE DATA FOUND
- Source citation: Work cat.: (Co-BoUCM): Valmont-Bomare, M. 1731-1807 (Jacques Christophe), Dictionnaire raisonné universel d'histoire naturelle, 1791